000 00307nam a22001217a 4500
008 180518b xxu||||| |||| 00| 0 eng d
041 _aeng
080 _a043.3
100 _a0
101 _aMBE-BTH
245 _aMenaxhimi i stoqeve dhe ndikimi i tij në profitin e kompanisë
_cKaraxha,D
942 _2udc
_cBK
999 _c45993
_d45993